000
00321nam a22001457a 4500
003
SGT
020
_a
978-93-272-5754-0
082
_a
631.4
_b
DAS
100
_a
DAS, DILIP KUMAR
245
_a
INTRODUCTORY SOIL SCIENCE
250
_a
4TH
260
_a
INDIA
_b
KALYANI PUB.
_c
2020
300
_a
879
942
_2
ddc
_c
BK
_0
10
999
_c
22792
_d
22792